Sehr persönlich: ein Andachtsbuch für alle Tage

Saved in:  
Bibliographic Details
Main Author: Giesen, Heinrich 1910-1972 (Author)
Format: Print Book
Language:German
Subito Delivery Service: Order now.
Check availability: HBZ Gateway
WorldCat: WorldCat
Interlibrary Loan:Interlibrary Loan for the Fachinformationsdienste (Specialized Information Services in Germany)
Published: Gütersloh Gütersloher Verlagshaus G. Mohn 1968
In:Year: 1968
Series/Journal:Gütersloher Taschenausgaben
Sammlungen:

MARC

LEADER 00000cam a22000002c 4500
001 218275374
003 DE-627
005 20250424174819.0
007 tu
008 961114s1968 gw ||||| 00| ||ger c
016 7 |a 456755233  |2 DE-101 
020 |c  : 4.50 (kart.) 
035 |a (DE-627)218275374 
035 |a (DE-576)9218275372 
035 |a (DE-599)GBV218275374 
035 |a (OCoLC)833130992 
040 |a DE-627  |b ger  |c DE-627  |e rakwb 
041 |a ger 
044 |c XA-DE 
084 |a 02a  |2 sdnb 
084 |a 1  |2 ssgn 
100 1 |8 1\p  |0 (DE-588)119065312  |0 (DE-627)079855938  |0 (DE-576)211019488  |4 aut  |a Giesen, Heinrich  |d 1910-1972 
109 |a Giesen, Heinrich 1910-1972 
245 1 0 |a Sehr persönlich  |b ein Andachtsbuch für alle Tage  |c Heinrich Giesen 
264 1 |a Gütersloh  |b Gütersloher Verlagshaus G. Mohn  |c 1968 
300 |a 240 S  |c 8 
336 |a Text  |b txt  |2 rdacontent 
337 |a ohne Hilfsmittel zu benutzen  |b n  |2 rdamedia 
338 |a Band  |b nc  |2 rdacarrier 
490 0 |a Gütersloher Taschenausgaben 
500 |a Lizenz d. Kreuz-Verl., Stuttgart 
601 |a Andachtsbuch 
883 |8 1\p  |a cgwrk  |d 20241001  |q DE-101  |u https://d-nb.info/provenance/plan#cgwrk 
935 |a RFBW  |a mteo 
951 |a BO 
ELC |b 1 
LOK |0 000 xxxxxcx a22 zn 4500 
LOK |0 001 449127052X 
LOK |0 003 DE-627 
LOK |0 004 218275374 
LOK |0 005 20240902124645 
LOK |0 008 240226||||||||||||||||ger||||||| 
LOK |0 040   |a DE-Tue135  |c DE-627  |d DE-Tue135 
LOK |0 092   |o n 
LOK |0 852   |a DE-Tue135 
LOK |0 852 1  |9 00 
LOK |0 866   |x SPQUE#Reformationsgeschichtliche Forschungsbibliothek Wittenberg#SPSAM#Predigerseminar#SPUSM#Bestand(1952-2017) 
LOK |0 935   |a RFBW  |a bips  |a psnb 
LOK |0 939   |a 26-02-24  |b l01 
ORI |a SA-MARC-ixtheoa001.raw